[Event "FRA-ch U16"]
[Site "Aix les Bains"]
[Date "2006.??.??"]
[Round "2"]
[White "Guilleux, Fabien"]
[Black "Brissard, Nicolas"]
[Result "1-0"]
[WhiteElo "2050"]
[BlackElo "1950"]
[PlyCount "111"]
[EventDate "2006.04.16"]
[EventType "swiss"]
[EventRounds "9"]
[EventCountry "FRA"]
[SourceTitle "EXT 2007"]
[Source "ChessBase"]
[SourceDate "2006.11.23"]
[SourceVersion "1"]
[SourceVersionDate "2006.11.23"]
[SourceQuality "1"]

1. e4 c5 2. Nc3 Nc6 3. Nf3 d6 4. d4 cxd4 5. Nxd4 g6 6. Be3 Bg7 7. Qd2 Nf6 8. f3 0-0 9. Bc4 Bd7 10. 0-0-0 Ne5 11. Bb3 Rc8 12. Kb1 Qa5 13. g4 Nc4 14. Bxc4 Rxc4 15. Nb3 Qa6 16. h4 Rfc8 17. h5 Be6 18. Bh6 Bh8 19. hxg6 fxg6 20. Qh2 Kf7 21. Bd2 Bg7 22. Qe2 R4c6 23. Qe3 R6c7 24. g5 Nh5 25. f4 Kg8 26. f5 Bc4 27. Qf3 Bxc3 28. Bxc3 Be2 29. Qe3 Bxd1 30. Rxd1 Qc6 31. Qd4 Kf7 32. Rf1 Qc4 33. Qf2 Ke8 34. fxg6 hxg6 35. e5 Kd7 36. exd6 exd6 37. Nd4 Re8 38. Re1 Rxe1+ 39. Qxe1 Qf7 40. Nb5 Rc5 41. Nd4 a6 42. a3 Re5 43. Qg1 Re4 44. Qg2 Qf4 45. Nb3 Qg4 46. Qd2 Qg1+ 47. Ka2 Qe3 48. Qd5 b6 49. Qf7+ Kc6 50. Qxg6 Nf4 51. Qf5 Re7 52. Qc8+ Kd5 53. Qxa6 Ne6 54. Qa8+ Kc4 55. Qc6+ Nc5 56. Nd2+ 1-0

[Event "FRA-chT2 0405"]
[Site "France"]
[Date "2005.01.09"]
[Round "6.7"]
[White "Blangez, Claire"]
[Black "Brissard, Nicolas"]
[Result "0-1"]
[WhiteElo "1660"]
[BlackElo "1820"]
[PlyCount "76"]
[EventDate "2004.10.10"]
[EventType "team"]
[EventRounds "11"]
[EventCountry "FRA"]
[SourceTitle "EXT 2006"]
[Source "ChessBase"]
[SourceDate "2005.11.24"]
[SourceVersion "1"]
[SourceVersionDate "2005.11.24"]
[SourceQuality "1"]

1. e4 c5 2. Nc3 e6 3. g3 d6 4. Bg2 Nc6 5. d3 Nf6 6. h3 Be7 7. Be3 0-0 8. f4 a6 9. g4 Qc7 10. g5 Nd7 11. h4 b5 12. a3 Nb6 13. h5 b4 14. axb4 Nxb4 15. g6 fxg6 16. hxg6 h6 17. Kd2 Bb7 18. Qh5 Bf6 19. f5 exf5 20. Rf1 fxe4 21. dxe4 Nc4+ 22. Ke2 Nxe3 23. Kxe3 Bd4+ 24. Kd2 Rxf1 25. Bxf1 Bxc3+ 26. bxc3 Nc6 27. Bc4+ Kf8 28. Qf5+ Ke8 29. Bf7+ Kd8 30. Be6 Qe7 31. Qf7 Qxf7 32. Bxf7 Ne5 33. Rh4 Nxf7 34. gxf7 Ke7 35. Rf4 Rf8 36. Kd3 Rxf7 37. Rxf7+ Kxf7 38. Nf3 g5 0-1